Afrikan maat - Statistics

Yleistilastot
  • Tätä visaa on pelattu 23 kertaa
  • Keskiarvotulos 11 / 12
Vastaukset kartalla
Vastauksille on annettu kartalla punavihreä väri sen mukaan, kuinka moni on saanut sen oikein.
 
Vastaustilastot
Vastaus % Oikein
Egypti
100%
Algeria
95%
Madagaskar
95%
Etelä-Afrikka
89%
Libya
89%
Nigeria
89%
Somalia
89%
Marokko
84%
Tunisia
84%
Etiopia
79%
Kenia
79%
Tansania
79%
Ehtoja vastaavia visoja ei löytynyt
Tulosjakauma
Jokaisen tuloksen saaneiden osuus
Persentiili vastausten määrän mukaan
Tuloshistoriasi
Et ole pelannut tätä visaa